• 首页
  • 本馆介绍
  • 公告通知
  • 最新文献
  • 馆藏检索
  • 电子资源
  • 读者导购
  • 参考咨询
  • 我的图书馆
  • 登录
  • 详细信息显示
  • 放入我的书架
  • 预约/预借图书
  • 作者相关作品
  • 分类相关作品
  • 丛书相关作品
  • 出版社相关作品

书目信息

  • 表格格式
  • 工作单格式
  • 卡片格式
题名:
批判性思维
    
 
作者: 摩尔 , 帕克 著 ;朱素梅 译
分册:  
出版信息: 北京   机械工业出版社  2012
页数: 12,307页
开本: 24cm
丛书名:
单 册:
中图分类: B804 , B80
科图分类:
主题词: 思维形式
电子资源:
ISBN: 978-7-111-36541-9
000 01345nam0 2200301 450
001 1549168648
005 20150124134006.06
010    @a978-7-111-36541-9@dCNY48.00
100    @a20120206d2012 em y0chiy50 ea
101 1  @achi@ceng
102    @aCN@b110000
105    @ay z 000yy
200 1  @a批判性思维@9pi pan xing si wei@dCritical thinking@e带你走出思维的误区@f(美)布鲁克·诺埃尔·摩尔(Brooke Noel Moore),(美)理杳德·帕克(Richard Parker)著@g朱素梅译@zeng
210    @a北京@c机械工业出版社@d2012
215    @a12,307页@d24cm
305    @a据原书第9版译出
306    @a和麦格劳-希尔教育(亚洲)出版公司合作出版
330    @a本书从批判性思维的重要性和必要性说起,就如何进行正确地思维和清晰地写作,到有效论证的规则、合理的演绎和归纳推理,再到道德、法律和美学的论证进行了详细阐述,同时还指出了各种以修辞手法来掩盖虚假论证的例子,对批判性思维进行了全面的论述,帮助读者全面了解和掌握合理而正确的思维基本原则、规则、要求、技巧和训练方法。
510 1  @aCritical thinking@zeng
517 1  @a带你走出思维的误区@9dai ni zou chu si wei de wu qu
606 0  @a思维形式
690    @aB804@v5
690    @aB80@v4
701  0 @c(美)@a摩尔@9mo er@c(Moore, Brooke Noel)@4著
701  0 @c(美)@a帕克@9lpa ke@c(大学教师,Parker, Richard)@4著
702  0 @a朱素梅@9zhu su mei@c(女)@4译
801  0 @aCN@bTSSF@c20150115
905    @aZUCC@dB80@eJY21
    
    批判性思维=Critical thinking:带你走出思维的误区/(美)布鲁克·诺埃尔·摩尔(Brooke Noel Moore),(美)理杳德·帕克(Richard Parker)著/朱素梅译.-北京:机械工业出版社,2012
    12,307页;24cm
    
    
    ISBN 978-7-111-36541-9:CNY48.00
    本书从批判性思维的重要性和必要性说起,就如何进行正确地思维和清晰地写作,到有效论证的规则、合理的演绎和归纳推理,再到道德、法律和美学的论证进行了详细阐述,同时还指出了各种以修辞手法来掩盖虚假论证的例子,对批判性思维进行了全面的论述,帮助读者全面了解和掌握合理而正确的思维基本原则、规则、要求、技巧和训练方法。
●
相关链接 在E读中查询图书 在五车中查询图书 在当当中查询图书 在豆瓣中查询图书


正题名:批判性思维     索取号:B80/JY21         预约/预借

序号 登录号 条形码 馆藏地/架位号 状态 备注
1 7845418   278454183   学院路分馆/ [索取号:B80/JY21] 在馆    
2 7845419   278454192   学院路分馆/ [索取号:B80/JY21] 在馆    
3 7845420   278454209   学院路分馆/ [索取号:B80/JY21] 在馆    
4 7845421   278454218   学院路分馆/ [索取号:B80/JY21] 在馆    
5 7857128   278571289   学院路分馆/ [索取号:B80/JY21] 在馆    
唐山师范学院图书馆 欢迎您!
大连网信软件有限公司© 版权所有